000 00371nam a22001337a 4500
020 _qHB.
040 _cFIZZA ISHAQ
082 _a973.931
_bBOb
100 _aWOODWARD,BOb.
_937767
245 _aTHE WAR WITHIN A SECRET WHITE HOUSE HISTORY 2006-2008 /
_cBOb WOODWARD.
260 _aNEW YORK ;
_bSIMON & SCHUSTER,
_c2008.
300 _a487 P. ;
_c9.9X6.2IN
942 _2ddc
_cBK
999 _c616565
_d616565